000 00416nam a2200157Ia 4500
008 160316s1979 xxu||||| |||| 00| 0 eng d
082 _a346.044000
_bACH-1
100 _aAchar M R
245 _aKarnataka land reforms act, 1961
250 _a
260 _aBangalore
_bShree Vidya Printers
_c1979
300 _a84
_b
_c
365 _b
650 _a1. Land Reforms Act - Rules - Karnataka - Commentary
700 _a
_a
999 _c3454
_d3454